[Event "Andorra op 37th"]
[Site "Escaldes"]
[Date "2019.08.02"]
[Round "7"]
[White "Cuartas, Jaime Alexander"]
[Black "Gaudineau, Eric"]
[Result "1-0"]
[WhiteElo "2542"]
[BlackElo "2372"]
[PlyCount "49"]
[EventDate "2019.07.27"]
[EventType "swiss"]
[EventRounds "9"]
[EventCountry "AND"]
[SourceTitle "CBM 191 Extra"]
[Source "ChessBase"]
[SourceDate "2019.09.30"]
[SourceVersion "1"]
[SourceVersionDate "2019.09.30"]
[SourceQuality "1"]

1. e4 e5 2. Nf3 Nc6 3. Bb5 a6 4. Ba4 Nf6 5. 0-0 b5 6. Bb3 Bb7 7. d3 Be7 8. Nc3 d6 9. a3 0-0 10. Bd2 Na5 11. Ba2 c5 12. Nd5 Nc6 13. Nxe7+ Qxe7 14. Nh4 Nd4 15. c3 Nxe4 16. dxe4 Qxh4 17. cxd4 Qxe4 18. f3 Qxd4+ 19. Rf2 c4 20. Bc3 Qb6 21. b3 Rfe8 22. bxc4 bxc4 23. Bxc4 Qc7 24. Qb3 Rab8 25. Ba5 1-0

[Event "Andorra op 37th"]
[Site "Escaldes"]
[Date "2019.08.01"]
[Round "6"]
[White "Gaudineau, Eric"]
[Black "Hapala, Elisabeth"]
[Result "1-0"]
[WhiteElo "2372"]
[BlackElo "2131"]
[PlyCount "67"]
[EventDate "2019.07.27"]
[EventType "swiss"]
[EventRounds "9"]
[EventCountry "AND"]
[SourceTitle "CBM 191 Extra"]
[Source "ChessBase"]
[SourceDate "2019.09.30"]
[SourceVersion "1"]
[SourceVersionDate "2019.09.30"]
[SourceQuality "1"]

1. e4 c5 2. Nf3 e6 3. d4 cxd4 4. Nxd4 Nc6 5. Nc3 Qc7 6. Be3 a6 7. a3 Nf6 8. f4 d6 9. Qf3 Be7 10. 0-0-0 Bd7 11. Be2 Nxd4 12. Bxd4 Bc6 13. Qe3 0-0 14. g4 e5 15. fxe5 dxe5 16. Bb6 Qc8 17. Nd5 Bxd5 18. exd5 Bd6 19. g5 Nd7 20. Bg4 Qe8 21. Ba5 Qe7 22. h4 Rac8 23. h5 Rc4 24. Bf5 Rfc8 25. g6 Ra4 26. Be1 Rcc4 27. gxf7+ Kh8 28. h6 g6 29. Bxd7 Rxa3 30. bxa3 Qxf7 31. Bg3 Qe7 32. Rd3 Qxd7 33. Bxe5+ Kg8 34. Bxd6 1-0

[Event "FRA-chT2 0910"]
[Site "France"]
[Date "2009.12.12"]
[Round "5.3"]
[White "Gaudineau, Eric"]
[Black "Grizou, Regis"]
[Result "1-0"]
[WhiteElo "2333"]
[BlackElo "2190"]
[PlyCount "123"]
[EventDate "2009.09.27"]
[EventType "team-tourn"]
[EventRounds "11"]
[EventCountry "FRA"]
[SourceTitle "EXT 2011"]
[Source "ChessBase"]
[SourceDate "2010.11.26"]
[SourceVersion "1"]
[SourceVersionDate "2010.11.26"]
[SourceQuality "1"]

1. e4 c5 2. Nf3 e6 3. d4 cxd4 4. Nxd4 a6 5. Bd3 Nf6 6. 0-0 d6 7. Qe2 Be7 8. c4 Nc6 9. Nxc6 bxc6 10. Nc3 e5 11. c5 dxc5 12. Na4 0-0 13. Be3 Nd7 14. Rac1 Qa5 15. b3 Rd8 16. Rfd1 Bb7 17. f3 Qc7 18. Qf2 a5 19. Qe2 Nf8 20. Bxc5 Bxc5+ 21. Nxc5 Rd4 22. Qc2 Rad8 23. Be2 Bc8 24. Rxd4 Rxd4 25. Kf1 Ng6 26. g3 h5 27. Rd1 Qd8 28. Ke1 h4 29. Qc3 hxg3 30. hxg3 Rxd1+ 31. Bxd1 Qg5 32. Kf2 Qh6 33. Qxa5 Qh2+ 34. Ke3 Qxg3 35. Qd8+ Kh7 36. Nd3 Ba6 37. Bc2 Nf4 38. Nxe5 Ng2+ 39. Kd4 c5+ 40. Kxc5 Qxe5+ 41. Kb4 g6 42. Qd5 Qf4 43. a4 Ne1 44. Qd1 Nxf3 45. Ka5 Bb7 46. Qd7 Ne5 47. Qxb7 Qd2+ 48. Kb6 Qxc2 49. Qd5 Qc3 50. a5 Qb4+ 51. Ka7 Qe7+ 52. Ka6 g5 53. b4 g4 54. b5 g3 55. Qd2 Qe6+ 56. b6 Qc4+ 57. Ka7 Nc6+ 58. Kb7 Nxa5+ 59. Qxa5 Qxe4+ 60. Ka7 Kg6 61. b7 g2 62. Qb6+ 1-0

[Event "FRA-chT2 South 0708"]
[Site "France"]
[Date "2008.03.16"]
[Round "9.3"]
[White "Gaudineau, Eric"]
[Black "Franca, Ricardo Bedin"]
[Result "0-1"]
[WhiteElo "2334"]
[BlackElo "2240"]
[PlyCount "70"]
[EventDate "2007.10.21"]
[EventType "team"]
[EventRounds "11"]
[EventCountry "FRA"]
[SourceTitle "EXT 2009"]
[Source "ChessBase"]
[SourceDate "2008.11.26"]
[SourceVersion "1"]
[SourceVersionDate "2008.11.26"]
[SourceQuality "1"]
[WhiteTeam "Vitrolles"]
[BlackTeam "Ramonville"]
[WhiteTeamCountry "FRA"]
[BlackTeamCountry "FRA"]

1. e4 c5 2. Nf3 d6 3. d4 cxd4 4. Nxd4 Nf6 5. Nc3 g6 6. Be3 Bg7 7. f3 0-0 8. Bc4 Nc6 9. Qd2 Bd7 10. 0-0-0 Rc8 11. Bb3 Ne5 12. Kb1 Re8 13. h4 h5 14. Bg5 Rc5 15. g4 hxg4 16. Bxf6 Bxf6 17. h5 g5 18. fxg4 Bxg4 19. Rdg1 Qd7 20. Nd5 Rxd5 21. Bxd5 Kh7 22. Rg3 Rg8 23. Rhg1 Bh3 24. Nf3 Nxf3 25. Rxf3 Be6 26. Qf2 Bxd5 27. exd5 Qb5 28. Rxf6 exf6 29. Qf5+ Kg7 30. Rf1 Kf8 31. h6 Rg6 32. Rh1 Qe8 33. h7 Kg7 34. Qd7 Rh6 35. h8Q+ Rxh8 0-1

[Event "FRA-chT2 0405"]
[Site "France"]
[Date "2005.03.12"]
[Round "8.1"]
[White "Mrdja, Milan"]
[Black "Gaudineau, Eric"]
[Result "1-0"]
[WhiteElo "2395"]
[BlackElo "2345"]
[PlyCount "89"]
[EventDate "2004.10.10"]
[EventType "team"]
[EventRounds "11"]
[EventCountry "FRA"]
[SourceTitle "EXT 2006"]
[Source "ChessBase"]
[SourceDate "2005.11.24"]
[SourceVersion "1"]
[SourceVersionDate "2005.11.24"]
[SourceQuality "1"]
[WhiteTeam "Echiquier Nicois  II"]
[BlackTeam "Vitrolles"]
[WhiteTeamCountry "FRA"]
[BlackTeamCountry "FRA"]

1. e4 e5 2. Bc4 Nc6 3. Nf3 Bc5 4. d3 Nf6 5. c3 d6 6. 0-0 0-0 7. b4 Bb6 8. Nbd2 Ne7 9. Bb3 a6 10. h3 Ng6 11. Re1 Be6 12. Nc4 Ba7 13. a4 h6 14. Na5 Bxb3 15. Qxb3 Qc8 16. Ra2 Nh5 17. d4 Re8 18. Qd1 Nhf4 19. Nc4 Qe6 20. d5 Qd7 21. Be3 f5 22. Bxa7 Rxa7 23. Qc2 Rf8 24. Ne3 Ne7 25. c4 Qe8 26. Ra3 a5 27. bxa5 Rxa5 28. Rb1 fxe4 29. Nd2 Ne2+ 30. Kf1 Ng3+ 31. Ke1 Nef5 32. fxg3 Nxe3 33. Rxe3 Qf7 34. Re2 b6 35. Nxe4 Rxa4 36. Rf2 Qg6 37. Rxf8+ Kxf8 38. Kf2 Ra3 39. Kg1 Ke7 40. Rf1 Ra8 41. Qd3 Rf8 42. Rxf8 Kxf8 43. Qf3+ Ke7 44. g4 Qe8 45. g5 1-0

[Event "FRA-chT2 0405"]
[Site "France"]
[Date "2004.11.07"]
[Round "3.1"]
[White "Ninov, Nikolai"]
[Black "Gaudineau, Eric"]
[Result "1-0"]
[WhiteElo "2473"]
[BlackElo "2345"]
[PlyCount "147"]
[EventDate "2004.10.10"]
[EventType "team"]
[EventRounds "11"]
[EventCountry "FRA"]
[SourceTitle "EXT 2006"]
[Source "ChessBase"]
[SourceDate "2005.11.24"]
[SourceVersion "1"]
[SourceVersionDate "2005.11.24"]
[SourceQuality "1"]

1. e4 e5 2. Nf3 Nc6 3. Bc4 Bc5 4. c3 Nf6 5. d4 exd4 6. e5 d5 7. Bb5 Ne4 8. cxd4 Bb4+ 9. Bd2 Nxd2 10. Bxc6+ bxc6 11. Nbxd2 0-0 12. Rc1 Ba6 13. Qa4 Bxd2+ 14. Kxd2 Bb5 15. Qa5 Qc8 16. Rc3 Rb8 17. b3 Qg4 18. Rg1 Qf4+ 19. Kd1 Qe4 20. Re1 Qg4 21. a4 Bc4 22. bxc4 Qxg2 23. Ke2 Rb2+ 24. Nd2 Qg4+ 25. Rf3 Rfb8 26. Qc3 dxc4 27. h3 Qh5 28. e6 fxe6 29. Qe3 Kh8 30. Kd1 Ra2 31. Qf4 c3 32. Re2 Ra1+ 33. Kc2 Ra2+ 34. Kd3 h6 35. Nc4 Rxe2 36. Kxe2 c2 37. Kd2 Qd5 38. Rc3 c5 39. Qe5 cxd4 40. Rxc2 Qg2 41. Qxd4 Rf8 42. Kc3 Qxh3+ 43. Ne3 Qh1 44. Qxa7 Qe1+ 45. Kb3 Rf4 46. Qb8+ Kh7 47. Qb5 c5 48. Qxc5 Qb1+ 49. Rb2 Qd3+ 50. Qc3 Qxc3+ 51. Kxc3 Rxa4 52. Rb6 Rf4 53. Nd1 Rf6 54. Kd3 g5 55. Ke2 Kg6 56. Nc3 Kf5 57. Ke3 Rf8 58. Nb5 Ke5 59. Nc7 h5 60. Rxe6+ Kf5 61. Rc6 Rb8 62. Rc5+ Kg6 63. Kf3 Rb6 64. Nd5 Rb3+ 65. Rc3 Rb5 66. Rc6+ Kg7 67. Ne3 Re5 68. Rd6 Re8 69. Nf5+ Kf7 70. Rh6 Rd8 71. Rxh5 Kg6 72. Kg4 Rd2 73. Rxg5+ Kf6 74. Ng3 1-0

[Event "Saint Affrique op 11th"]
[Site "Saint Affrique"]
[Date "2003.07.24"]
[Round "7"]
[White "Gaudineau, Eric"]
[Black "Hebden, Mark"]
[Result "1-0"]
[WhiteElo "2295"]
[BlackElo "2544"]
[PlyCount "73"]
[EventDate "2003.07.19"]
[EventType "swiss"]
[EventRounds "9"]
[EventCountry "FRA"]
[SourceTitle "CBM 095 Extra"]
[Source "ChessBase"]
[SourceDate "2003.09.04"]
[SourceVersion "1"]
[SourceVersionDate "2003.09.04"]
[SourceQuality "1"]

1. e4 e5 2. Bc4 Nf6 3. d3 Nc6 4. Nf3 Be7 5. 0-0 d6 6. c3 0-0 7. Bb3 Na5 8. Bc2 c5 9. b4 cxb4 10. cxb4 Nc6 11. b5 Na5 12. d4 Qc7 13. Nbd2 Bd7 14. Bb2 Bxb5 15. dxe5 Ng4 16. exd6 Bxd6 17. e5 Nxe5 18. Nxe5 Bxf1 19. Ng4 Be2 20. Bxh7+ Kxh7 21. Qxe2 f5 22. Ne5 Qc2 23. Nd3 Kg8 24. Qe6+ Rf7 25. Nf3 Qxd3 26. Ng5 Qc4 27. Qxd6 Re8 28. Qg6 Rfe7 29. Qh7+ Kf8 30. Qxf5+ Kg8 31. Qh7+ Kf8 32. Ba3 Nc6 33. Re1 Qd5 34. Qh8+ Qg8 35. Ne6+ Kf7 36. Qh5+ g6 37. Qf3# 1-0

[Event "FRA-ch qual"]
[Site "Bescanon"]
[Date "1999.08.20"]
[Round "3"]
[White "Gaudineau, Eric"]
[Black "Daurelle, Herve"]
[Result "0-1"]
[WhiteElo "2328"]
[BlackElo "2230"]
[PlyCount "68"]
[EventDate "1999.08.18"]
[EventType "swiss"]
[EventRounds "11"]
[EventCountry "FRA"]
[SourceTitle "EXT 2000"]
[Source "ChessBase"]
[SourceDate "1999.11.16"]
[SourceVersion "1"]
[SourceVersionDate "1999.11.16"]
[SourceQuality "1"]

1. e4 e6 2. Nc3 d5 3. g3 dxe4 4. Nxe4 Bd7 5. d4 Bc6 6. f3 Be7 7. Bg2 Nf6 8. Ne2 0-0 9. b3 e5 10. Bb2 Bxe4 11. fxe4 Ng4 12. Bf3 Ne3 13. Qd3 Bg5 14. h4 Bh6 15. g4 Nc6 16. c3 exd4 17. cxd4 Ne5 18. Qc3 Nxf3+ 19. Kf2 Nxh4 20. d5 Nxg4+ 21. Kg3 Qg5 22. Rag1 f5 23. Bc1 f4+ 24. Kh3 Qh5 25. Rxg4 Nf3+ 26. Kg2 Qxg4+ 27. Kf2 Nh4 28. Rg1 Qh5 29. Bb2 Ng6 30. Nd4 Rae8 31. Ne6 Rxe6 32. dxe6 Qh2+ 33. Kf1 f3 34. Qc4 b5 0-1

[Event "FRA-chT3 9899"]
[Site "France"]
[Date "1999.??.??"]
[Round "6"]
[White "Gaudineau, Eric"]
[Black "Etchegaray, Patrice"]
[Result "0-1"]
[WhiteElo "2240"]
[BlackElo "2305"]
[PlyCount "60"]
[EventDate "1998.??.??"]
[EventType "team"]
[EventRounds "7"]
[EventCountry "FRA"]
[SourceTitle "EXT 2000"]
[Source "ChessBase"]
[SourceDate "1999.11.16"]
[SourceVersion "1"]
[SourceVersionDate "1999.11.16"]
[SourceQuality "1"]

1. e4 c5 2. Nc3 Nc6 3. f4 g6 4. Nf3 Bg7 5. Bc4 e6 6. f5 Nge7 7. fxe6 fxe6 8. 0-0 d5 9. Bb5 0-0 10. Bxc6 Nxc6 11. d3 Nd4 12. Kh1 h6 13. Bd2 b6 14. exd5 Nxf3 15. Rxf3 exd5 16. Qe2 Rxf3 17. Qxf3 Be6 18. Re1 Qd7 19. h3 Rf8 20. Qg3 Qf7 21. Kh2 d4 22. Ne4 Bd5 23. Re2 Qf5 24. Nd6 Qf1 25. Re1 Qf2 26. Ne8 Qxd2 27. Nxg7 Kxg7 28. Re7+ Rf7 29. Qe5+ Kh7 30. Qf6 Qxg2# 0-1